[Event "TCh-RUS Blitz 2015"]
[Site "Sochi RUS"]
[Date "2015.05.10"]
[Round "1.1"]
[White "Demidov, Mikhail"]
[Black "Nepomniachtchi, Ian"]
[Result "1/2-1/2"]
[WhiteTitle "IM"]
[BlackTitle "GM"]
[WhiteElo "2513"]
[BlackElo "2728"]
[WhiteTeam "Boavista (Moscow)"]
[BlackTeam "Our Heritage SHSM-1 (Moscow)"]
[WhiteFideId "4197143"]
[BlackFideId "4168119"]
[EventDate "2015.05.10"]

1. Nf3 g6 2. e4 d6 3. d4 Nf6 4. Nc3 Bg7 5. Be2 O-O 6. O-O c6 7. a4 Qc7 8. h3
Nbd7 9. a5 e5 10. dxe5 Nxe5 11. Nxe5 dxe5 12. Bc4 Rb8 13. Qf3 b5 14. axb6 axb6
15. Bg5 Nh5 16. Rfd1 b5 17. Bb3 Nf4 18. Ne2 Ne6 19. Be3 c5 20. Bxe6 Bxe6 21. Nc3
Rfc8 22. Nd5 Qb7 23. Bg5 Kh8 24. Bf6 Bxd5 25. Rxd5 Qb6 26. Bxe5 Bxe5 27. Rxe5
Rb7 28. Rd1 Kg8 29. Red5 Re8 30. Qf4 Qe6 31. f3 c4 32. Rd6 Qe7 33. Qf6 Qxf6 34.
Rxf6 Ra8 35. Rfd6 Ra2 36. Rb1 Kg7 37. Rd5 h5 38. Kh2 b4 39. Rc5 b3 40. Rxc4 bxc2
41. Rxc2 Rb3 42. Re2 h4 43. Kg1 g5 44. Kf2 Kf6 45. Rd2 Ke6 46. Ke2 f6 47. Kd1
Ke5 48. Ke2 Kf4 49. Kf2 Rb6 50. Re2 Rb3 51. Ke1 Kg3 52. Kf1 Kf4 53. Kf2 Ke5 54.
Rd2 Kf4 55. Re2 Ke5 56. g3 hxg3+ 57. Kxg3 f5 58. exf5+ Kxf5 59. Rf2 Kg6 60. Rc2
Kh5 61. Rc5 Rbxb2 62. Rxb2 Rxb2 63. h4 Rb1 64. hxg5 Rb4 65. Re5 Ra4 66. f4 Ra3+
67. Kf2 Kg4 68. Re3 Ra2+ 69. Re2 Ra3 70. Re4 Rb3 71. Ke2 Kf5 72. Rd4 Rh3 73. Kf2
Ra3 74. Ke2 Rh3 75. Rd3 Rh2+ 76. Ke3 Rh3+ 77. Kd4 Rh8 78. Rf3 Rd8+ 79. Ke3 Ra8
80. Kf2 Ra2+ 81. Kg3 Ra1 82. Rb3 Rg1+ 83. Kf2 Ra1 84. Rb4 Ra3 85. Rd4 Rb3 86.
Ke2 Rh3 87. Rd3 Rh2+ 88. Ke3 Rh3+ 89. Kd4 Rh8 90. Rf3 Rd8+ 91. Ke3 Ra8 92. Rf1
Ra4 93. Kd3 Rb4 94. Ke3 Re4+ 95. Kd3 Ra4 96. Rg1 Ra6 97. Kd4 Kxf4 98. g6 Ra8 99.
g7 Rg8 100. Kd5 Kf5 101. Kd4 Kf6 1/2-1/2

[Event "TCh-RUS Blitz 2015"]
[Site "Sochi RUS"]
[Date "2015.05.10"]
[Round "1.2"]
[White "Najer, Evgeniy"]
[Black "Vastrukhin, Oleg"]
[Result "1-0"]
[WhiteTitle "GM"]
[WhiteElo "2663"]
[BlackElo "2389"]
[WhiteTeam "Our Heritage SHSM-1 (Moscow)"]
[BlackTeam "Boavista (Moscow)"]
[WhiteFideId "4118987"]
[BlackFideId "4192770"]
[EventDate "2015.05.10"]

1. e4 a6 2. d4 b5 3. Bd3 Bb7 4. Nf3 Nf6 5. Qe2 e6 6. O-O c5 7. c3 d5 8. e5 Nfd7
9. Be3 Nc6 10. Nbd2 Be7 11. Rfd1 Qc7 12. Nf1 O-O-O 13. Ng3 Rdg8 14. b3 f5 15. a4
c4 16. Bxf5 exf5 17. axb5 axb5 18. bxc4 bxc4 19. Nxf5 g6 20. Nxe7+ Nxe7 21. Rdb1
Nc5 22. Qb2 h6 23. e6 Nd7 24. Bf4 Nb8 25. Qxb7+ 1-0

[Event "TCh-RUS Blitz 2015"]
[Site "Sochi RUS"]
[Date "2015.05.10"]
[Round "1.3"]
[White "Pasiev, Rakhim"]
[Black "Grachev, Boris"]
[Result "0-1"]
[WhiteTitle "IM"]
[BlackTitle "GM"]
[WhiteElo "2384"]
[BlackElo "2666"]
[WhiteTeam "Boavista (Moscow)"]
[BlackTeam "Our Heritage SHSM-1 (Moscow)"]
[WhiteFideId "24122475"]
[BlackFideId "4129199"]
[EventDate "2015.05.10"]

1. d4 d5 2. Nc3 Nf6 3. Bf4 a6 4. e3 c5 5. dxc5 Nc6 6. Nf3 Bg4 7. Be2 e6 8. Ne5
Bxe2 9. Qxe2 Bxc5 10. O-O O-O 11. Rad1 Bd6 12. Nxc6 bxc6 13. Bxd6 Qxd6 14. e4
Qb4 15. e5 Nd7 16. Rb1 Rfb8 17. Rfe1 h6 18. a3 Qe7 19. f4 Nb6 20. Kh1 Nc4 21.
Na4 Rb7 22. Qf2 Rab8 23. b3 Nxa3 24. Ra1 Nb5 25. Nc5 Ra7 26. Rxa6 Rxa6 27. Nxa6
Ra8 28. Qb6 Qa7 29. Qxa7 Rxa7 30. Nb4 c5 31. Nd3 c4 32. Nb4 cxb3 33. cxb3 Nd4
34. h3 Rb7 35. Nd3 Rxb3 36. Nc5 Rc3 37. Nb7 Nf5 38. Ra1 Rc7 39. Rb1 g5 40. fxg5
hxg5 41. Rb6 Kg7 42. Kh2 d4 43. Nd6 Nxd6 44. Rxd6 Rc4 45. Kg3 Kg6 46. Kg4 d3+
47. Kf3 Rc3 48. g4 d2+ 49. Kg2 Rc2 50. Kg3 Rc3+ 51. Kg2 Rc2 52. Kg3 Ra2 53. Rd7
f6 54. Rd6 fxe5 55. Rxe6+ Kf7 56. Rd6 e4 57. Rd4 Kf6 58. Rd8 Ke5 59. Rd7 Ra3+
60. Kg2 Rd3 0-1

[Event "TCh-RUS Blitz 2015"]
[Site "Sochi RUS"]
[Date "2015.05.10"]
[Round "1.4"]
[White "Dubov, Daniil"]
[Black "Denishev, Marat"]
[Result "1-0"]
[WhiteTitle "GM"]
[WhiteElo "2659"]
[BlackElo "2275"]
[WhiteTeam "Our Heritage SHSM-1 (Moscow)"]
[BlackTeam "Boavista (Moscow)"]
[WhiteFideId "24126055"]
[BlackFideId "24131563"]
[EventDate "2015.05.10"]

1. Nf3 d5 2. g3 Nf6 3. Bg2 c5 4. O-O Nc6 5. d4 e6 6. c4 dxc4 7. Ne5 Nxe5 8. dxe5
Qxd1 9. Rxd1 Nd7 10. Na3 Be7 11. Nxc4 O-O 12. Be3 Rb8 13. a4 f6 14. exf6 Nxf6
15. Bf4 Ra8 16. Rac1 Rd8 17. Rxd8+ Bxd8 18. Nd6 Nd5 19. Rxc5 Bd7 20. Nxb7 Bb6
21. Rc4 Rf8 22. a5 Bxf2+ 23. Kxf2 g5 24. e4 Nf6 25. Bd6 Rf7 26. Ke1 Bb5 27. Rc7
Rxc7 28. Bxc7 Bc6 29. Nc5 Kf7 30. b4 Ke8 1-0

[Event "TCh-RUS Blitz 2015"]
[Site "Sochi RUS"]
[Date "2015.05.10"]
[Round "1.5"]
[White "Andreikin, Dmitry"]
[Black "Iljin, Artem"]
[Result "1/2-1/2"]
[WhiteTitle "GM"]
[BlackTitle "GM"]
[WhiteElo "2723"]
[BlackElo "2537"]
[WhiteTeam "University (Belorechensk)"]
[BlackTeam "Rook-2 (Kazan)"]
[WhiteFideId "4158814"]
[BlackFideId "4156021"]
[EventDate "2015.05.10"]

1. d4 Nf6 2. Bg5 e6 3. Nd2 h6 4. Bh4 c5 5. e3 b6 6. Ngf3 Bb7 7. Bd3 Be7 8. c3
Nc6 9. O-O O-O 10. Rc1 cxd4 11. cxd4 Nh5 12. Bxe7 Nxe7 13. Qe2 Nf6 14. Ba6 Bxa6
15. Qxa6 Nc6 16. Ne5 Nxe5 17. dxe5 Ng4 18. Nc4 f6 19. exf6 Qxf6 20. f3 Ne5 21.
Nd6 Nc6 22. Qe2 Qe5 23. Rfd1 a6 24. Nc4 Qc7 25. Nd6 b5 26. Rc2 Qb6 27. Kh1 Nb4
28. Rcd2 Nd5 29. e4 Qxd6 30. exd5 e5 31. Rd3 Rae8 32. Re3 Rf4 33. h3 Rc4 34. Qd3
Rc5 35. f4 Rc4 36. fxe5 Rxe5 37. b3 Rc8 38. Rxe5 Qxe5 39. d6 Rf8 40. a4 Rf6 41.
axb5 axb5 42. Qd5+ Qxd5 43. Rxd5 b4 44. Kg1 Kf7 45. Rd4 Ke6 46. h4 Ke5 47. Rxb4
Rxd6 48. Kf2 Rd2+ 49. Kf3 d5 50. Rg4 Rd3+ 51. Ke2 Rxb3 1/2-1/2

[Event "TCh-RUS Blitz 2015"]
[Site "Sochi RUS"]
[Date "2015.05.10"]
[Round "1.6"]
[White "Rodchenkov, Sergey D."]
[Black "Jobava, Baadur"]
[Result "0-1"]
[WhiteTitle "IM"]
[BlackTitle "GM"]
[WhiteElo "2355"]
[BlackElo "2699"]
[WhiteTeam "Rook-2 (Kazan)"]
[BlackTeam "University (Belorechensk)"]
[WhiteFideId "4168712"]
[BlackFideId "13601520"]
[EventDate "2015.05.10"]

1. Nf3 b6 2. g3 Bb7 3. Bg2 e6 4. O-O d5 5. b3 Nc6 6. Bb2 Qd7 7. d4 f6 8. Nbd2
Nge7 9. Bh3 g5 10. e4 h5 11. exd5 g4 12. dxc6 Nxc6 13. Bg2 gxf3 14. Nxf3 O-O-O
15. Qe2 Bd6 16. Bh3 Kb8 17. Bxe6 Qg7 18. d5 Ne7 19. Nh4 Nxd5 20. Ng2 h4 21. c4
Nb4 22. Rad1 hxg3 23. fxg3 Bc5+ 24. Ne3 Rxd1 25. Rxd1 Re8 26. Kf1 Rxe6 27. Rd8+
Bc8 28. Nf5 Rxe2 0-1

[Event "TCh-RUS Blitz 2015"]
[Site "Sochi RUS"]
[Date "2015.05.10"]
[Round "1.7"]
[White "Alekseev, Evgeny"]
[Black "Gerasimov, Ivan"]
[Result "0-1"]
[WhiteTitle "GM"]
[BlackTitle "FM"]
[WhiteElo "2653"]
[BlackElo "2329"]
[WhiteTeam "University (Belorechensk)"]
[BlackTeam "Rook-2 (Kazan)"]
[WhiteFideId "4138147"]
[BlackFideId "4196562"]
[EventDate "2015.05.10"]

1. e4 c5 2. Nf3 e6 3. d4 cxd4 4. Nxd4 a6 5. Bd3 Bc5 6. Nb3 Be7 7. Qg4 Bf6 8. Qg3
Nc6 9. N1d2 b5 10. a4 Rb8 11. axb5 axb5 12. Nf3 d6 13. O-O Nge7 14. Bf4 e5 15.
Bg5 Ng6 16. Rfd1 O-O 17. Bf1 Bxg5 18. Qxg5 Qxg5 19. Nxg5 Rd8 20. Na5 Nxa5 21.
Rxa5 Bb7 22. f3 h6 23. Nh3 Bc6 24. Nf2 Nf4 25. Nd3 Nxd3 26. Bxd3 d5 27. exd5
Rxd5 28. Re1 Kf8 29. Ra6 Bd7 30. Kf2 Rc5 31. Ra7 Be6 32. Ke3 b4 33. Rea1 Bc4 34.
Be4 Be6 35. Ra8 Rxa8 36. Rxa8+ Ke7 37. Rb8 f5 38. Bd3 b3 39. c3 Ra5 40. c4 Ra4
41. Rxb3 Bxc4 42. Rb7+ Kf6 43. Rb6+ Be6 44. Bb5 Rb4 45. Kd2 Rxb2+ 46. Kc3 Rb1
47. Rb8 Bd7 48. Rb6+ Ke7 49. Rg6 Rxb5 50. Rxg7+ Kd6 51. Rg6+ Kd5 52. Rxh6 Rc5+
53. Kd2 Bb5 54. h4 f4 55. h5 Ba4 56. Rh8 Rc2+ 57. Kd3 Rxg2 58. h6 Bc2+ 59. Kc3
Bf5 60. Rf8 Ke6 61. Re8+ Kd6 62. Rf8 Bh7 63. Rf7 Bb1 64. Rb7 Bf5 65. Rf7 Ke6 66.
Rb7 Rh2 67. Rc7 Kf6 0-1

[Event "TCh-RUS Blitz 2015"]
[Site "Sochi RUS"]
[Date "2015.05.10"]
[Round "1.8"]
[White "Torbin, Kirill"]
[Black "Tregubov, Pavel V."]
[Result "0-1"]
[WhiteTitle "FM"]
[BlackTitle "GM"]
[WhiteElo "2372"]
[BlackElo "2571"]
[WhiteTeam "Rook-2 (Kazan)"]
[BlackTeam "University (Belorechensk)"]
[WhiteFideId "4140214"]
[BlackFideId "4115341"]
[EventDate "2015.05.10"]

1. d4 Nf6 2. Nf3 e6 3. c4 Nc6 4. d5 Bb4+ 5. Nc3 exd5 6. cxd5 Ne7 7. e4 Nxe4 8.
Qd4 Bxc3+ 9. bxc3 Nf6 10. d6 cxd6 11. Bd3 Nc6 12. Qh4 Qe7+ 13. Kf1 Ne5 14. Be2
Ng6 15. Qb4 d5 16. Qd4 O-O 17. Bg5 d6 18. Re1 Be6 19. h4 h6 20. Bxf6 Qxf6 21.
Qxf6 gxf6 22. g3 Rfc8 23. Rc1 Rc5 24. Ke1 Rac8 25. Kd2 Ne5 26. Nd4 Nc4+ 27. Bxc4
dxc4 28. Rb1 b6 29. Rhd1 Ra5 30. Rb2 f5 31. f4 Kg7 32. h5 Kf6 33. Re1 Bd5 34.
Nb5 Be4 35. Ke3 d5 36. Nd6 Rg8 37. Rg1 Ke6 38. Nb5 Kd7 39. Nd4 Kd6 40. Ne2 Kc5
41. Rd1 b5 42. Kf2 Ra3 43. Nd4 a6 44. Rc1 Rb8 45. Ne2 a5 46. Ke3 b4 47. Kf2 Rb6
48. cxb4+ axb4 0-1

[Event "TCh-RUS Blitz 2015"]
[Site "Sochi RUS"]
[Date "2015.05.10"]
[Round "1.9"]
[White "Triapishko, Olexandr"]
[Black "Korobov, Anton"]
[Result "0-1"]
[BlackTitle "GM"]
[WhiteElo "2393"]
[BlackElo "2708"]
[WhiteTeam "Crimea (Republic of Crimea)"]
[BlackTeam "Sibir (Novosibirsk)"]
[WhiteFideId "14122286"]
[BlackFideId "14105730"]
[EventDate "2015.05.10"]

1. e4 c5 2. Nf3 d6 3. d4 cxd4 4. Nxd4 Nf6 5. Nc3 Nc6 6. Bg5 e6 7. Qd2 a6 8.
O-O-O Bd7 9. f3 Rc8 10. h4 Be7 11. g4 Ne5 12. Be3 b5 13. g5 b4 14. Nb1 Nh5 15.
f4 Ng3 16. fxe5 dxe5 17. Nf3 Nxh1 18. Nxe5 Ng3 19. Bxa6 Ra8 20. Bb7 Bb5 21. Bc6+
Bxc6 22. Qxd8+ Rxd8 23. Rxd8+ Bxd8 24. Nxc6 h6 25. Nxb4 hxg5 0-1

[Event "TCh-RUS Blitz 2015"]
[Site "Sochi RUS"]
[Date "2015.05.10"]
[Round "1.10"]
[White "Bocharov, Dmitry"]
[Black "Shemeakin, Alexander"]
[Result "1-0"]
[WhiteTitle "GM"]
[BlackTitle "IM"]
[WhiteElo "2577"]
[BlackElo "2247"]
[WhiteTeam "Sibir (Novosibirsk)"]
[BlackTeam "Crimea (Republic of Crimea)"]
[WhiteFideId "4138716"]
[BlackFideId "14101840"]
[EventDate "2015.05.10"]

1. Nf3 d5 2. g3 c6 3. Bg2 Nf6 4. O-O Bf5 5. c4 e6 6. cxd5 exd5 7. d3 Be7 8. Nc3
O-O 9. Qc2 h6 10. Nh4 Bh7 11. e4 Nbd7 12. h3 dxe4 13. dxe4 Re8 14. Rd1 Qb6 15.
Be3 Qa5 16. Nf5 Bf8 17. Nd6 Bxd6 18. Rxd6 Re7 19. Rad1 Bg6 20. f3 Rae8 21. Bf2
Ne5 22. Qb3 Nfd7 23. f4 Nc5 24. Qc2 Nc4 25. R6d4 b5 26. f5 Bh7 27. b3 Ne5 28. b4
Qd8 1-0

[Event "TCh-RUS Blitz 2015"]
[Site "Sochi RUS"]
[Date "2015.05.10"]
[Round "1.11"]
[White "Alexeev, Alexey"]
[Black "Kokarev, Dmitry"]
[Result "0-1"]
[WhiteTitle "IM"]
[BlackTitle "GM"]
[WhiteElo "2320"]
[BlackElo "2635"]
[WhiteTeam "Crimea (Republic of Crimea)"]
[BlackTeam "Sibir (Novosibirsk)"]
[WhiteFideId "14106663"]
[BlackFideId "4132181"]
[EventDate "2015.05.10"]

1. d4 Nf6 2. c4 g6 3. Nf3 Bg7 4. g3 O-O 5. Bg2 d6 6. O-O Nbd7 7. Nc3 e5 8. e4 c6
9. h3 Qb6 10. d5 cxd5 11. cxd5 Nc5 12. Qe2 Qa6 13. Qxa6 bxa6 14. Nd2 a5 15. Nb3
Ba6 16. Rd1 Nxb3 17. axb3 Rfb8 18. Rxa5 Bc8 19. Be3 a6 20. Ra3 Rb4 21. f3 Rab8
22. Rda1 Nh5 23. Kf2 f5 24. g4 Nf4 25. Bf1 Rxb3 26. Rxb3 Rxb3 27. Ra2 Bh6 28.
gxf5 gxf5 29. exf5 Bxf5 30. Bxa6 Nxh3+ 31. Ke2 Nf4+ 32. Kd2 Bg5 33. Bc4 Rb7 34.
b3 h5 35. Ne4 Bxe4 36. fxe4 Kf7 37. Ra7 Rxa7 38. Bxa7 Kf6 39. Ke1 h4 40. Kf2 h3
41. Kg3 Bh4+ 42. Kh2 Kg5 43. Be3 Kg4 44. Bxf4 exf4 45. e5 dxe5 46. d6 e4 47. b4
f3 48. b5 Bg3+ 49. Kh1 Bxd6 50. Be6+ Kg3 51. Bc4 e3 0-1

[Event "TCh-RUS Blitz 2015"]
[Site "Sochi RUS"]
[Date "2015.05.10"]
[Round "1.12"]
[White "Maletin, Pavel"]
[Black "Vasilevich, Tatjana"]
[Result "1-0"]
[WhiteTitle "GM"]
[BlackTitle "IM"]
[WhiteElo "2587"]
[BlackElo "2404"]
[WhiteTeam "Sibir (Novosibirsk)"]
[BlackTeam "Crimea (Republic of Crimea)"]
[WhiteFideId "4146786"]
[BlackFideId "14101610"]
[EventDate "2015.05.10"]

1. Nf3 d5 2. g3 c5 3. Bg2 Nc6 4. d4 e6 5. O-O Nf6 6. c4 Be7 7. cxd5 exd5 8. Nc3
O-O 9. Bg5 Be6 10. dxc5 d4 11. Bxf6 Bxf6 12. Ne4 Be7 13. Rc1 f5 14. Ned2 Rc8 15.
Ne1 Qd7 16. Nd3 Rfd8 17. a3 a5 18. Nc4 Bxc4 19. Rxc4 Bf6 20. Qd2 Re8 21. Bf3 Qe7
22. b4 axb4 23. axb4 Rcd8 24. b5 Ne5 25. Nxe5 Bxe5 26. Qd3 g6 27. c6 bxc6 28.
Bxc6 Rf8 29. b6 f4 30. b7 Kg7 31. Bf3 h5 32. Rc6 Qf7 33. Rfc1 h4 34. g4 h3 35.
Rc8 Qd7 36. R8c6 Rf6 37. Rxf6 Bxf6 38. Qe4 Re8 39. Qc6 Qxc6 40. Bxc6 Be5 41.
Bxe8 1-0

[Event "TCh-RUS Blitz 2015"]
[Site "Sochi RUS"]
[Date "2015.05.10"]
[Round "1.13"]
[White "Malakhov, Vladimir"]
[Black "Gabrielian, Artur"]
[Result "1-0"]
[WhiteTitle "GM"]
[BlackTitle "GM"]
[WhiteElo "2702"]
[BlackElo "2576"]
[WhiteTeam "Malachite (Sverdlovsk region)"]
[BlackTeam "Stavropol region"]
[WhiteFideId "4120787"]
[BlackFideId "4131002"]
[EventDate "2015.05.10"]

1. Nf3 c5 2. e4 d6 3. d4 cxd4 4. Qxd4 Nc6 5. Bb5 Bd7 6. Qd3 Nf6 7. c4 g6 8. O-O
Bg7 9. Nc3 O-O 10. h3 Rc8 11. Be3 a6 12. Bxc6 Bxc6 13. Nd4 Nd7 14. Rac1 Nc5 15.
Qc2 Ne6 16. Nxe6 fxe6 17. Qb3 Qd7 18. f3 b5 19. cxb5 Bxb5 20. Nxb5 axb5 21. Rfd1
Kf7 22. Kh1 Rxc1 23. Rxc1 Rc8 24. Rxc8 Qxc8 25. Qxb5 Qc2 26. Qb6 Bxb2 27. a4 Bc3
28. a5 Qa2 29. a6 d5 30. exd5 exd5 31. a7 d4 32. Bxd4 Qa1+ 33. Bg1 1-0

[Event "TCh-RUS Blitz 2015"]
[Site "Sochi RUS"]
[Date "2015.05.10"]
[Round "1.14"]
[White "Nechaev, Oleg"]
[Black "Riazantsev, Alexander"]
[Result "1/2-1/2"]
[BlackTitle "GM"]
[WhiteElo "2329"]
[BlackElo "2671"]
[WhiteTeam "Stavropol region"]
[BlackTeam "Malachite (Sverdlovsk region)"]
[WhiteFideId "24113409"]
[BlackFideId "4125029"]
[EventDate "2015.05.10"]

1. c4 e6 2. d4 d5 3. Nc3 c6 4. cxd5 exd5 5. Nf3 Nf6 6. Bg5 Be7 7. Qc2 g6 8. h3
Bf5 9. Qb3 Qb6 10. Nd2 O-O 11. e3 Re8 12. g4 Be6 13. Qxb6 axb6 14. Bg2 Kg7 15.
Bf4 Nbd7 16. O-O b5 17. Nb3 Nb6 18. Nc5 Bc8 19. Be5 Bxc5 20. Bxf6+ Kxf6 21. dxc5
Nd7 22. b4 Ra3 23. Ne2 Ne5 24. Nd4 Bd7 25. Rfd1 Rea8 26. e4 dxe4 27. Bxe4 g5 28.
Kg2 Rxa2 29. Rxa2 Rxa2 30. Bxh7 Rb2 31. Bf5 Be8 32. Nf3 Nxf3 33. Kxf3 Rxb4 34.
Rd8 Ke7 35. Rb8 Rd4 36. Rxb7+ Kf6 37. Rb8 Ke7 38. Rb7+ Kf8 39. Ke3 Rd5 40. Rb8
Ke7 41. Rb7+ Kf8 42. Rb8 Rxc5 43. Bd7 Re5+ 44. Kf3 f6 45. Bxc6 Kf7 46. Bxe8+
Rxe8 47. Rxb5 Kg6 48. Kg3 Rc8 49. Rb3 Rc5 50. h4 gxh4+ 51. Kxh4 Rc1 52. Kg3 Rg1+
53. Kf4 Rc1 54. Rb6 Rc4+ 55. Kg3 Rc3+ 56. f3 Ra3 57. Rb8 Rc3 58. Rb4 Ra3 59. Kf4
Rc3 60. Rb8 Rc4+ 61. Kg3 Rc3 62. Rg8+ Kf7 63. Rh8 Kg7 64. Rh5 Kg6 65. Rf5 Ra3
66. Kh4 Rc3 67. Rd5 Rxf3 68. Ra5 Rc3 69. Rb5 Rd3 70. Ra5 Rc3 71. Rb5 1/2-1/2

[Event "TCh-RUS Blitz 2015"]
[Site "Sochi RUS"]
[Date "2015.05.10"]
[Round "1.15"]
[White "Lysyj, Igor"]
[Black "Rozhko, Dmitry"]
[Result "1/2-1/2"]
[WhiteTitle "GM"]
[BlackTitle "FM"]
[WhiteElo "2677"]
[BlackElo "2342"]
[WhiteTeam "Malachite (Sverdlovsk region)"]
[BlackTeam "Stavropol region"]
[WhiteFideId "4150120"]
[BlackFideId "4150430"]
[EventDate "2015.05.10"]

1. d4 d5 2. c4 c6 3. Nf3 Nf6 4. e3 Bg4 5. h3 Bxf3 6. Qxf3 e6 7. Nc3 Nbd7 8. cxd5
exd5 9. Bd3 Bd6 10. g4 h6 11. h4 Qe7 12. g5 hxg5 13. hxg5 Rxh1+ 14. Qxh1 Ng8 15.
Qh8 Qf8 16. Bd2 Ne7 17. Qh3 O-O-O 18. O-O-O Qh8 19. Rh1 Qxh3 20. Rxh3 Nf8 21. f4
g6 22. Ne2 Kc7 23. Ng1 c5 24. dxc5 Bxc5 25. Nf3 Nc6 26. a3 Re8 27. Ne1 a5 28.
Nc2 Bb6 29. Bc3 Ne6 30. Rh7 Re7 31. Bf6 Rd7 32. Bb5 Nc5 33. Nd4 Ne4 34. Bxc6
bxc6 35. Be5+ Kb7 36. Kc2 Bxd4 37. exd4 c5 38. dxc5 Nxc5 39. b4 axb4 40. axb4
Ne6 41. Rh8 d4 42. Kd3 Kc6 43. Rb8 Ra7 44. Rc8+ Kd7 45. Rc2 Ra3+ 46. Kc4 Rf3 47.
Rd2 Kc6 48. Rd3 Rxd3 49. Kxd3 Kd5 50. Bb8 Nd8 51. Ba7 Nc6 52. Bc5 Nb8 53. Bf8
Nc6 54. Bc5 Nb8 55. Bf8 Nc6 56. Bc5 1/2-1/2

[Event "TCh-RUS Blitz 2015"]
[Site "Sochi RUS"]
[Date "2015.05.10"]
[Round "1.16"]
[White "Bykov, Egor"]
[Black "Motylev, Alexander"]
[Result "0-1"]
[BlackTitle "GM"]
[WhiteElo "2263"]
[BlackElo "2648"]
[WhiteTeam "Stavropol region"]
[BlackTeam "Malachite (Sverdlovsk region)"]
[WhiteFideId "34115290"]
[BlackFideId "4121830"]
[EventDate "2015.05.10"]

1. d4 d6 2. Nf3 g6 3. e4 Bg7 4. c3 Nd7 5. Bd3 e5 6. O-O Ne7 7. Re1 O-O 8. Be3 b6
9. a4 a5 10. Na3 Bb7 11. Qe2 h6 12. Rad1 Qe8 13. Nd2 d5 14. Nb5 Qc8 15. f3 Re8
16. Qf2 Kh7 17. Bb1 Qb8 18. Ba2 c6 19. Na3 Ba6 20. Kh1 Qb7 21. dxe5 Nxe5 22. Bb1
Rab8 23. h3 Nd3 24. Bxd3 Bxd3 25. Nb3 dxe4 26. fxe4 Bxe4 27. Qxf7 Nd5 28. Qxb7
Rxb7 29. Bd4 Rbe7 30. Rf1 Bxd4 31. Nxd4 Ne3 32. Rde1 Bxg2+ 0-1

[Event "TCh-RUS Blitz 2015"]
[Site "Sochi RUS"]
[Date "2015.05.10"]
[Round "1.18"]
[White "Artemiev, Vladislav"]
[Black "Ivanov, Alexander Al."]
[Result "1-0"]
[WhiteTitle "GM"]
[BlackTitle "GM"]
[WhiteElo "2671"]
[BlackElo "2420"]
[WhiteTeam "Rook (Kazan)"]
[BlackTeam "HQ Rakita - NIU BSU (Belgorod)"]
[WhiteFideId "24101605"]
[BlackFideId "4126360"]
[EventDate "2015.05.10"]

1. Nf3 d6 2. d4 g6 3. e4 Bg7 4. Bc4 c6 5. Bb3 Nf6 6. Qe2 O-O 7. O-O d5 8. e5 Ne4
9. Ne1 h6 10. c3 Na6 11. Be3 Bd7 12. f3 Ng5 13. Nd2 f5 14. exf6 exf6 15. Bc2 f5
16. Nd3 Re8 17. Qf2 Nc7 18. Ne5 Kh7 19. Qg3 Nce6 20. h4 Bxe5 21. dxe5 Nf7 22. h5
Nf8 23. f4 Qe7 24. Nf3 Nh8 25. Nh4 Qf7 26. Qh3 1-0

[Event "TCh-RUS Blitz 2015"]
[Site "Sochi RUS"]
[Date "2015.05.10"]
[Round "1.19"]
[White "Khoroshilov, Nikita"]
[Black "Timofeev, Artyom"]
[Result "0-1"]
[BlackTitle "GM"]
[WhiteElo "2274"]
[BlackElo "2534"]
[WhiteTeam "HQ Rakita - NIU BSU (Belgorod)"]
[BlackTeam "Rook (Kazan)"]
[WhiteFideId "24145122"]
[BlackFideId "4140419"]
[EventDate "2015.05.10"]

1. Nf3 c5 2. e4 e6 3. d3 Nc6 4. g3 g6 5. Bg2 Bg7 6. O-O Nge7 7. Re1 O-O 8. c3 e5
9. a3 d6 10. b4 a6 11. Nbd2 h6 12. Bb2 Be6 13. Nf1 b5 14. Qd2 cxb4 15. axb4 d5
16. exd5 Nxd5 17. Ne3 Re8 18. h4 Qd7 19. h5 g5 20. Nh2 Nb6 21. Rad1 Rad8 22. Ba1
f5 23. Nc2 e4 24. d4 Nc4 25. Qc1 Bd5 26. Ne3 Nxe3 27. Qxe3 Qc7 28. Qc1 Rc8 29.
Bb2 Nd8 30. Qd2 Nb7 31. Ra1 Qb6 32. Nf1 Nd6 33. Ne3 Bf7 34. Bf1 Bxh5 35. Ra2 Bf7
36. Ra5 f4 37. gxf4 gxf4 38. Ng2 f3 39. Nf4 Nc4 40. Bxc4 Bxc4 41. Rea1 Qf6 42.
Kh2 Qh4+ 0-1

[Event "TCh-RUS Blitz 2015"]
[Site "Sochi RUS"]
[Date "2015.05.10"]
[Round "1.20"]
[White "Murtazin, Bulat"]
[Black "Ananikian, Andrey"]
[Result "1-0"]
[WhiteTitle "FM"]
[WhiteElo "2342"]
[BlackElo "2118"]
[WhiteTeam "Rook (Kazan)"]
[BlackTeam "HQ Rakita - NIU BSU (Belgorod)"]
[WhiteFideId "24151351"]
[BlackFideId "4197623"]
[EventDate "2015.05.10"]

1. Nf3 Nf6 2. g3 d5 3. Bg2 Bf5 4. O-O e6 5. d3 Be7 6. c4 c6 7. Qb3 Qb6 8. Nc3 h6
9. Be3 Qxb3 10. axb3 a6 11. Na4 Nbd7 12. c5 O-O 13. d4 Be4 14. Nc3 Bxf3 15. exf3
e5 16. b4 Rfe8 17. f4 exd4 18. Bxd4 Nh7 19. Rfe1 Bf6 20. Bxf6 Nhxf6 21. Ne2 Nf8
22. Nd4 g6 23. Bh3 Ne4 24. f3 Nd2 25. Kf2 a5 26. Rxe8 Rxe8 27. Rxa5 Nc4 28. Ra7
Re7 29. b5 cxb5 30. c6 Nd6 31. Nxb5 Nxb5 32. Rxb7 Re8 1-0

[Event "TCh-RUS Blitz 2015"]
[Site "Sochi RUS"]
[Date "2015.05.10"]
[Round "1.21"]
[White "Zvjaginsev, Vadim"]
[Black "Balashov, Yuri S"]
[Result "1-0"]
[WhiteTitle "GM"]
[BlackTitle "GM"]
[WhiteElo "2660"]
[BlackElo "2443"]
[WhiteTeam "SHSM-Our Heritage-2 (Moscow)"]
[BlackTeam "Our Heritage veterans (Moscow)"]
[WhiteFideId "4113403"]
[BlackFideId "4100263"]
[EventDate "2015.05.10"]

1. e4 c5 2. c3 e6 3. d4 d5 4. exd5 exd5 5. Nf3 Nf6 6. Bb5+ Bd7 7. Bxd7+ Nbxd7 8.
O-O Be7 9. dxc5 Nxc5 10. Nbd2 O-O 11. Nb3 Ne6 12. Be3 a6 13. Re1 Qc7 14. h3 Rad8
15. Nfd4 Ne4 16. Qg4 Bf6 17. Nxe6 fxe6 18. Qxe6+ Kh8 19. Bb6 Qd7 20. Qxd7 Rxd7
21. f3 Nd6 22. Bc5 Rc8 23. Re2 h6 24. Bd4 Bh4 25. Nc5 Rf7 26. Nd3 Nf5 27. Bf2
Be7 28. Ne5 Rf6 29. Rd1 Kh7 30. Rxd5 Bd6 31. Ng4 Rg6 32. Rxf5 1-0